| 000 | 00342nam a2200133Ia 4500 | ||
|---|---|---|---|
| 005 | 20251222155115.0 | ||
| 008 | 251222s9999||||xx |||||||||||||| ||spa|| | ||
| 082 | _aEDUM.68.1-2/Ej.2 | ||
| 100 | _aBROWN Sally. 2003 | ||
| 245 | 0 | _aEvaluar en la universidad problemas y nuevos enfoques | |
| 250 | _a1ra. ed. | ||
| 264 | _bNarcea | ||
| 942 | _cLIB | ||
| 999 |
_c38201 _d38201 |
||